|
|
|
|
| LEADER |
00000nam0a2200000 4500 |
| 001 |
74310 |
| 005 |
20231031085154.0 |
| 035 |
|
|
|a (RuTPU)RU\TPU\book\79249
|
| 090 |
|
|
|a 74310
|
| 100 |
|
|
|a 20050302d1970 m y0rusy50 ca
|
| 101 |
0 |
|
|a rus
|
| 102 |
|
|
|a RU
|
| 105 |
|
|
|a a z 000ay
|
| 200 |
1 |
|
|a Ассирийская рукопись
|e приключенческие повести и рассказы
|f М. А. Кравков
|g Илл. В. Колесников
|
| 210 |
|
|
|a Новосибирск
|c Западно-Сибирское книжное издательство
|d 1970
|
| 215 |
|
|
|a 256 с.
|c ил.
|e 1 л. порт.
|
| 333 |
|
|
|a Исключено из фонда НТБ ТПУ
|
| 700 |
|
1 |
|a Кравков
|b М. А.
|g Максим Алексеевич
|
| 702 |
|
1 |
|a Колесников
|b В.
|4 440
|
| 801 |
|
1 |
|a RU
|b 63413507
|c 20050302
|g PSBO
|
| 801 |
|
2 |
|a RU
|b 63413507
|c 20160309
|g PSBO
|
| 942 |
|
|
|c BK
|